| 000 | 00445nam a2200145Ia 4500 | ||
|---|---|---|---|
| 008 | 230917s9999||||xx |||||||||||||| ||und|| | ||
| 040 |
_e81164 _aMAIN |
||
| 041 | _aEnglish | ||
| 082 | _a342.5409 N134T | ||
| 100 | _aNagendra Singh | ||
| 245 | 0 | _aTheory of force and organisation of defence in Indian constitutional history: From earliest times to 1947 | |
| 260 |
_aBombay _bAsia Publishing House _c1969 |
||
| 300 | _axiv, 290 p. | ||
| 942 | _cBK | ||
| 999 |
_c189941 _d189941 |
||